000 00515nam a2200205Ia 4500
001 b1500-22289 [775]
003 IT-MiCISF
008 161014s9999||||xx |||||||||||||| ||und||
040 _aIT-MiCISF
_cIT-MiCISF
041 _ait
100 _aAA.VV.
245 0 _aLa scuola del malessere
250 _a1a ed.
260 _a Milano
_bFranco Angeli
_c1983
300 _ap. 412
500 _aCensis / scuola, famiglia, operatori, esperienze /
650 _ascuola
942 _cBK
957 _71
999 _a22289
_bsi
_g1
_c216064
_d216064